[Event "HUN-chT 2223"]
[Site "Hungary"]
[Date "2023.02.12"]
[Round "5.10"]
[White "Csoke, Krisztian"]
[Black "Virag, Balint"]
[Result "0-1"]
[WhiteElo "2261"]
[BlackElo "2156"]
[PlyCount "66"]
[EventDate "2022.11.20"]
[EventType "team-tourn"]
[EventRounds "9"]
[EventCountry "HUN"]
[SourceTitle "CBM 213 Extra"]
[Source "ChessBase"]
[SourceDate "2023.05.31"]
[SourceVersion "1"]
[SourceVersionDate "2023.05.31"]
[SourceQuality "1"]
[WhiteTeam "Biatorbagy"]
[BlackTeam "Budapest MTK"]
[WhiteTeamCountry "HUN"]
[BlackTeamCountry "HUN"]

1. g3 g6 2. Bg2 Bg7 3. e4 e5 4. Ne2 Ne7 5. 0-0 0-0 6. c3 d5 7. exd5 Nxd5 8. d4 exd4 9. Nxd4 c6 10. Na3 Re8 11. Nac2 Na6 12. Ne3 Nac7 13. Nxd5 Nxd5 14. Qb3 Qa5 15. Qc4 Nb6 16. Qd3 Qh5 17. Bf3 Bg4 18. Bxg4 Qxg4 19. Be3 Rad8 20. Qd1 Qe4 21. Qb3 c5 22. Nb5 Nc4 23. Bg5 Ne5 24. f3 Nxf3+ 25. Rxf3 c4 26. Qa4 Qxf3 27. Rf1 Qc6 28. Bxd8 Rxd8 29. Qa5 Rd2 30. Rf2 Rd1+ 31. Rf1 Qc5+ 32. Kg2 Rd2+ 33. Kf3 Qf5+ 0-1

[Event "HUN-chT 2223"]
[Site "Hungary"]
[Date "2022.12.04"]
[Round "2.10"]
[White "Gelle, Istvan"]
[Black "Csoke, Krisztian"]
[Result "1-0"]
[WhiteElo "2179"]
[BlackElo "2261"]
[PlyCount "99"]
[EventDate "2022.11.20"]
[EventType "team-tourn"]
[EventRounds "9"]
[EventCountry "HUN"]
[SourceTitle "CBM 211 Extra"]
[Source "ChessBase"]
[SourceDate "2023.01.31"]
[SourceVersion "1"]
[SourceVersionDate "2023.01.31"]
[SourceQuality "1"]
[WhiteTeam "Hetenyi Geza"]
[BlackTeam "Biatorbagy"]
[WhiteTeamCountry "HUN"]
[BlackTeamCountry "HUN"]

1. d4 Nf6 2. Bf4 g6 3. e3 Bg7 4. Nf3 d6 5. h3 0-0 6. Be2 c5 7. Nbd2 Nc6 8. c3 Re8 9. Bh2 a6 10. dxc5 dxc5 11. a4 Nd7 12. 0-0 e5 13. Ne4 Qe7 14. Qd6 Bf8 15. Rfd1 Kg7 16. Qxe7 Bxe7 17. Nd6 Bxd6 18. Rxd6 f6 19. Nd2 Ne7 20. Ne4 b6 21. Rad1 Ra7 22. Bc4 Nf5 23. R6d2 Nb8 24. a5 bxa5 25. g4 Nh4 26. Be2 Bb7 27. Rd7+ Nxd7 28. Rxd7+ Kf8 29. Nxf6 Re7 30. Nxh7+ Ke8 31. Nf6+ Kf7 32. Bc4+ Kxf6 33. g5+ Kxg5 34. f4+ Kf6 35. fxe5+ Kf5 36. Rxe7 Nf3+ 37. Kf2 Nxh2 38. Bd3+ Kg5 39. Be4 Bxe4 40. Rxa7 Nf3 41. e6 Nd2 42. Rd7 Kf6 43. e7 Kf7 44. Rxd2 Kxe7 45. Kg3 c4 46. Rd4 Bd3 47. Kf4 Ke6 48. h4 a4 49. e4 a5 50. e5 1-0

[Event "HUN-chT 2122"]
[Site "Hungary"]
[Date "2022.03.20"]
[Round "8.10"]
[White "Csoke, Krisztian"]
[Black "Mokcsay, Robert"]
[Result "1/2-1/2"]
[WhiteElo "2270"]
[BlackElo "2259"]
[PlyCount "64"]
[EventDate "2021.10.10"]
[EventType "team-tourn"]
[EventRounds "9"]
[EventCountry "HUN"]
[SourceTitle "EXT 2023"]
[Source "ChessBase"]
[SourceDate "2022.10.05"]
[SourceVersion "1"]
[SourceVersionDate "2022.10.05"]
[SourceQuality "1"]
[WhiteTeam "Biatorbagy"]
[BlackTeam "Morihana"]
[WhiteTeamCountry "HUN"]
[BlackTeamCountry "HUN"]

1. Nf3 Nf6 2. g3 b6 3. Bg2 Bb7 4. d3 d6 5. 0-0 Nbd7 6. e4 g6 7. Nh4 d5 8. Nc3 dxe4 9. Nxe4 Nxe4 10. dxe4 Nc5 11. e5 Bxg2 12. Kxg2 Qxd1 13. Rxd1 e6 14. f4 Na4 15. Nf3 Be7 16. Rd3 Rd8 17. Rxd8+ Kxd8 18. b3 Nc5 19. Ba3 Nd7 20. Bxe7+ Kxe7 21. Nd4 Nb8 22. Nb5 Rd8 23. Rf1 a6 24. Nc3 Nc6 25. Rf2 Nb4 26. a3 Nd5 27. Ne4 f5 28. exf6+ Nxf6 29. Ng5 Rd6 30. Re2 a5 31. h3 h6 32. Nf3 Nd7 1/2-1/2

[Event "HUN-chT 2122"]
[Site "Hungary"]
[Date "2022.02.27"]
[Round "7.9"]
[White "Csoke, Krisztian"]
[Black "Csiki, Endre"]
[Result "1/2-1/2"]
[WhiteElo "2270"]
[BlackElo "2323"]
[PlyCount "44"]
[EventDate "2021.10.10"]
[EventType "team-tourn"]
[EventRounds "9"]
[EventCountry "HUN"]
[SourceTitle "EXT 2023"]
[Source "ChessBase"]
[SourceDate "2022.10.05"]
[SourceVersion "1"]
[SourceVersionDate "2022.10.05"]
[SourceQuality "1"]
[WhiteTeam "Biatorbagy"]
[BlackTeam "Dunaharaszti"]
[WhiteTeamCountry "HUN"]
[BlackTeamCountry "HUN"]

1. Nf3 d5 2. g3 Nc6 3. Bg2 e5 4. d3 g6 5. c4 d4 6. Qa4 Bd7 7. 0-0 Bg7 8. b4 a6 9. Qb3 Nge7 10. Nbd2 0-0 11. Rb1 b5 12. a3 h6 13. Ne4 bxc4 14. Qxc4 Be6 15. Qc2 f5 16. Nc5 Bd5 17. e4 dxe3 18. fxe3 Qd6 19. Nb7 Qd7 20. Nc5 Qd6 21. Nb7 Qd7 22. Nc5 Qd6 1/2-1/2

[Event "HUN-chT2 Charousek 1819"]
[Site "Hungary"]
[Date "2018.12.02"]
[Round "5.5"]
[White "Ivan, Attila"]
[Black "Csoke, Krisztian"]
[Result "1/2-1/2"]
[WhiteElo "2290"]
[BlackElo "2258"]
[PlyCount "38"]
[EventDate "2018.09.23"]
[EventType "team-tourn"]
[EventRounds "11"]
[EventCountry "HUN"]
[SourceTitle "CBM 189 Extra"]
[Source "ChessBase"]
[SourceDate "2019.06.03"]
[SourceVersion "1"]
[SourceVersionDate "2019.06.03"]
[SourceQuality "1"]
[WhiteTeam "Komlo Banyasz"]
[BlackTeam "Biatorbagy"]
[WhiteTeamCountry "HUN"]
[BlackTeamCountry "HUN"]

1. e4 d6 2. d4 Nf6 3. Nc3 g6 4. f3 Bg7 5. Be3 0-0 6. Qd2 e5 7. dxe5 dxe5 8. Qxd8 Rxd8 9. Bc4 Nc6 10. Nge2 Nb4 11. Rc1 Be6 12. Bxe6 fxe6 13. 0-0 Rd7 14. a3 Nc6 15. Rfd1 Rad8 16. Rxd7 Rxd7 17. Rd1 Rxd1+ 18. Nxd1 Ne8 19. Kf1 Nd6 1/2-1/2

[Event "HUN-chT2 Breyer 1718"]
[Site "Hungary"]
[Date "2017.10.29"]
[Round "3.3"]
[White "Huszar, Richard"]
[Black "Csoke, Krisztian"]
[Result "1/2-1/2"]
[WhiteElo "2258"]
[BlackElo "2268"]
[PlyCount "20"]
[EventDate "2017.09.24"]
[EventType "team-tourn"]
[EventRounds "11"]
[EventCountry "HUN"]
[SourceTitle "EXT 2021"]
[Source "ChessBase"]
[SourceDate "2020.10.23"]
[SourceVersion "1"]
[SourceVersionDate "2020.10.23"]
[SourceQuality "1"]
[WhiteTeam "Kisber Aszar"]
[BlackTeam "Biatorbagy"]
[WhiteTeamCountry "HUN"]
[BlackTeamCountry "HUN"]

1. d4 Nf6 2. Nc3 d6 3. e4 g6 4. f3 Bg7 5. Be3 Nbd7 6. Qd2 e6 7. Bh6 Bxh6 8. Qxh6 a6 9. a4 Qe7 10. Rd1 e5 1/2-1/2

[Event "HUN-chT2 Breyer 1617"]
[Site "Hungary"]
[Date "2016.11.13"]
[Round "2.2"]
[White "Lorincz, Istvan"]
[Black "Csoke, Krisztian"]
[Result "1/2-1/2"]
[WhiteElo "2251"]
[BlackElo "2276"]
[PlyCount "25"]
[EventDate "2016.10.30"]
[EventType "team-tourn"]
[EventRounds "9"]
[EventCountry "HUN"]
[SourceTitle "EXT 2021"]
[Source "ChessBase"]
[SourceDate "2020.10.23"]
[SourceVersion "1"]
[SourceVersionDate "2020.10.23"]
[SourceQuality "1"]
[WhiteTeam "Budapest MLTC"]
[BlackTeam "Biatorbagy"]
[WhiteTeamCountry "HUN"]
[BlackTeamCountry "HUN"]

1. d4 Nf6 2. Nf3 e6 3. c4 Bb4+ 4. Bd2 Qe7 5. Qc2 Bxd2+ 6. Nbxd2 d6 7. e3 e5 8. Bd3 Bg4 9. Bf5 0-0 10. dxe5 dxe5 11. Bxg4 Nxg4 12. Qf5 Qd7 13. Qxd7 1/2-1/2

[Event "HUN-chT2 Breyer 1516"]
[Site "Hungary"]
[Date "2016.04.17"]
[Round "11.2"]
[White "Csoke, Krisztian"]
[Black "Molnar, Aurel"]
[Result "1-0"]
[WhiteElo "2276"]
[BlackElo "2199"]
[PlyCount "73"]
[EventDate "2015.09.13"]
[EventType "team-tourn"]
[EventRounds "11"]
[EventCountry "HUN"]
[SourceTitle "EXT 2017"]
[Source "ChessBase"]
[SourceDate "2016.10.25"]
[SourceVersion "1"]
[SourceVersionDate "2016.10.25"]
[SourceQuality "1"]
[WhiteTeam "Biatorbagy"]
[BlackTeam "TTC Sakk"]
[WhiteTeamCountry "HUN"]
[BlackTeamCountry "HUN"]

1. Nf3 d5 2. g3 Nf6 3. Bg2 c6 4. d3 Nbd7 5. Nbd2 e6 6. e4 Be7 7. Qe2 0-0 8. e5 Ne8 9. Bh3 b6 10. Nd4 Qc7 11. f4 c5 12. N4f3 g6 13. g4 Ng7 14. g5 Re8 15. Bg4 Nf8 16. h4 Nf5 17. Nf1 Bb7 18. Rh3 Rac8 19. h5 Red8 20. Qf2 b5 21. N3h2 d4 22. hxg6 fxg6 23. Be2 c4 24. Ng4 Bd5 25. Ng3 Qc6 26. Nf6+ Bxf6 27. gxf6 Qb6 28. Ne4 Bxe4 29. dxe4 Ne3 30. Bxe3 dxe3 31. Qxe3 Qa5+ 32. c3 Rd7 33. f5 exf5 34. e6 Nxe6 35. exf5 Nf8 36. fxg6 Nxg6 37. Qe6+ 1-0

[Event "HUN-chT2 Breyer 1516"]
[Site "Hungary"]
[Date "2015.11.29"]
[Round "5.2"]
[White "Csoke, Krisztian"]
[Black "Szanto, Levente"]
[Result "1-0"]
[WhiteElo "2276"]
[BlackElo "1923"]
[PlyCount "67"]
[EventDate "2015.09.13"]
[EventType "team-tourn"]
[EventRounds "11"]
[EventCountry "HUN"]
[SourceTitle "CBM 170 Extra"]
[Source "ChessBase"]
[SourceDate "2016.02.25"]
[SourceVersion "1"]
[SourceVersionDate "2016.02.25"]
[SourceQuality "1"]
[WhiteTeam "Biatorbagy"]
[BlackTeam "Turul"]
[WhiteTeamCountry "HUN"]
[BlackTeamCountry "HUN"]

1. Nf3 c5 2. g3 Nf6 3. Bg2 d5 4. 0-0 Bg4 5. Ne5 h5 6. c4 e6 7. Qa4+ Nbd7 8. cxd5 exd5 9. d4 a6 10. Bg5 Be6 11. dxc5 Bxc5 12. Nd3 Be7 13. Nf4 b5 14. Qd1 Nb6 15. Nc3 Rc8 16. Qd3 d4 17. Nxe6 fxe6 18. Qg6+ Kf8 19. Rad1 e5 20. Bxf6 Bxf6 21. f4 Qe7 22. Ne4 Nd5 23. Nxf6 Nxf6 24. Qf5 Rc5 25. b4 Rc7 26. fxe5 Rh6 27. exf6 Rxf6 28. Qe4 Qxb4 29. Rxf6+ gxf6 30. Rf1 Kg7 31. Qf4 Rf7 32. e3 Qd2 33. Qxd4 Qxa2 34. Bd5 1-0

[Event "HUN-chT2 Breyer 1314"]
[Site "Hungary"]
[Date "2014.03.23"]
[Round "7"]
[White "Koncz, Imre"]
[Black "Csoke, Krisztian"]
[Result "0-1"]
[WhiteElo "2147"]
[BlackElo "2280"]
[PlyCount "56"]
[EventDate "2013.09.08"]
[EventType "team-tourn"]
[EventRounds "9"]
[EventCountry "HUN"]
[SourceTitle "EXT 2016"]
[Source "ChessBase"]
[SourceDate "2015.10.08"]
[SourceVersion "1"]
[SourceVersionDate "2015.10.08"]
[SourceQuality "1"]
[WhiteTeam "Szazhalombatta"]
[BlackTeam "Biatorbagy"]
[WhiteTeamCountry "HUN"]
[BlackTeamCountry "HUN"]

1. d4 d6 2. e4 Nf6 3. Nc3 g6 4. Nf3 Bg7 5. Be2 0-0 6. 0-0 c6 7. a4 Qc7 8. h3 e5 9. dxe5 dxe5 10. Bg5 h6 11. Be3 Be6 12. Qc1 Kh7 13. Rd1 Nbd7 14. Nd2 Rad8 15. a5 b6 16. axb6 axb6 17. Bc4 Rfe8 18. b4 Bf8 19. Qb2 Bxc4 20. Nxc4 Ra8 21. Rxa8 Rxa8 22. b5 cxb5 23. Qxb5 Rc8 24. Nd5 Qxc4 25. Nxf6+ Nxf6 26. Qxe5 Bg7 27. Bxb6 Qxc2 28. Re1 Re8 0-1

[Event "HUN-chT2 Breyer 1314"]
[Site "Hungary"]
[Date "2014.02.16"]
[Round "5"]
[White "Csoke, Krisztian"]
[Black "Kubacsny, Laszlo"]
[Result "1/2-1/2"]
[WhiteElo "2280"]
[BlackElo "2264"]
[PlyCount "128"]
[EventDate "2013.09.08"]
[EventType "team-tourn"]
[EventRounds "9"]
[EventCountry "HUN"]
[SourceTitle "EXT 2016"]
[Source "ChessBase"]
[SourceDate "2015.10.08"]
[SourceVersion "1"]
[SourceVersionDate "2015.10.08"]
[SourceQuality "1"]
[WhiteTeam "Biatorbagy"]
[BlackTeam "Torokbalint"]
[WhiteTeamCountry "HUN"]
[BlackTeamCountry "HUN"]

1. e4 c5 2. Nf3 e6 3. d4 cxd4 4. Nxd4 a6 5. Bd3 Qb6 6. Nb3 Qc7 7. 0-0 Nc6 8. f4 d6 9. Be3 Nf6 10. Nc3 Be7 11. a3 b5 12. Qe2 Bb7 13. Rac1 Rc8 14. g4 d5 15. exd5 Nxd5 16. Nxd5 exd5 17. Nd4 0-0 18. Nxc6 Qxc6 19. Bd4 Rfe8 20. Qf2 Bf6 21. Rce1 g6 22. h3 Rcd8 23. Kh2 Bc8 24. Kg2 Bd7 25. c3 a5 26. g5 Bxd4 27. Qxd4 Qc8 28. Rxe8+ Rxe8 29. f5 gxf5 30. h4 Qc6 31. Rf3 Qd6 32. h5 h6 33. Rg3 Qe5 34. gxh6+ Kh7 35. Qb6 a4 36. Rg7+ Kh8 37. Rxf7 Rg8+ 38. Rg7 Rxg7+ 39. hxg7+ Qxg7+ 40. Kf2 Kh7 41. Bxb5 Bxb5 42. Qxb5 Qe5 43. Qxa4 Qh2+ 44. Ke1 Qg3+ 45. Kd2 Qg5+ 46. Kc2 f4 47. Qd7+ Kh6 48. Qe6+ Kxh5 49. Qh3+ Kg6 50. Kd3 Kf6 51. Qf3 Ke5 52. Ke2 Kd6 53. Kf2 Qh4+ 54. Kf1 Qf6 55. Qd3 Qh4 56. Qa6+ Ke5 57. Qe2+ Kd6 58. Qf3 Qh2 59. b4 Qd2 60. a4 Qc1+ 61. Kg2 Qc2+ 62. Kh3 Qf5+ 63. Kh4 Ke5 64. b5 Qf6+ 1/2-1/2

[Event "HUN-chT2 Breyer 1213"]
[Site "Hungary"]
[Date "2013.04.07"]
[Round "10.2"]
[White "Meixner, Ferenc"]
[Black "Csoke, Krisztian"]
[Result "0-1"]
[WhiteElo "2028"]
[BlackElo "2256"]
[PlyCount "92"]
[EventDate "2012.09.16"]
[EventType "team-tourn"]
[EventRounds "11"]
[EventCountry "HUN"]
[SourceTitle "EXT 2014"]
[Source "ChessBase"]
[SourceDate "2013.11.20"]
[SourceVersion "1"]
[SourceVersionDate "2013.11.20"]
[SourceQuality "1"]
[WhiteTeam "Zoltek"]
[BlackTeam "Biatorbagy"]
[WhiteTeamCountry "HUN"]
[BlackTeamCountry "HUN"]

1. e4 c5 2. Nf3 e6 3. b4 cxb4 4. d4 d5 5. e5 Ne7 6. a3 Nec6 7. axb4 Bxb4+ 8. c3 Be7 9. Bd3 Nd7 10. 0-0 Rb8 11. Qe2 a6 12. Ne1 b5 13. f4 Qb6 14. Nf3 g6 15. Be3 Na5 16. Kh1 Nc4 17. Bg1 Qc6 18. Rc1 Ndb6 19. Bf2 a5 20. Nbd2 a4 21. Rcb1 Ra8 22. Bh4 Bxh4 23. Nxh4 Bd7 24. Nhf3 Rc8 25. h4 h5 26. Ng5 Ke7 27. f5 gxf5 28. Ndf3 Rcg8 29. Ng1 Qc7 30. N1h3 Rg7 31. Rf1 a3 32. Nf4 Qc8 33. Nxh5 Rg6 34. Nh3 Nb2 35. N3f4 Qxc3 36. Bxb5 Qxd4 37. Bxd7 Nxd7 38. Rxa3 Rg4 39. Rh3 Nc4 40. Kh2 Ncxe5 41. Rd1 Qc4 42. Qb2 Rb8 43. Qa3+ Qb4 44. Qe3 Qc5 45. Qe1 Rb2 46. Nd3 Nxd3 0-1

[Event "HUN-chT2 Breyer 1112"]
[Site "Hungary"]
[Date "2012.04.22"]
[Round "9.2"]
[White "Varga, Vilmos"]
[Black "Csoke, Krisztian"]
[Result "0-1"]
[WhiteElo "2114"]
[BlackElo "2251"]
[PlyCount "72"]
[EventDate "2011.09.25"]
[EventType "team-tourn"]
[EventRounds "11"]
[EventCountry "HUN"]
[SourceTitle "EXT 2013"]
[Source "ChessBase"]
[SourceDate "2012.11.22"]
[SourceVersion "1"]
[SourceVersionDate "2012.11.22"]
[SourceQuality "1"]
[WhiteTeam "Zsambek"]
[BlackTeam "Biatorbagy"]
[WhiteTeamCountry "HUN"]
[BlackTeamCountry "HUN"]

1. e4 c5 2. Nf3 e6 3. Nc3 a6 4. d4 cxd4 5. Nxd4 Qc7 6. Bd3 Nf6 7. Be3 Be7 8. 0-0 0-0 9. f4 d6 10. Qf3 Nc6 11. Kh1 Kh8 12. Rad1 Nxd4 13. Bxd4 e5 14. fxe5 dxe5 15. Qg3 Bd6 16. Be3 Ne8 17. Nd5 Qc6 18. Qh4 f6 19. c4 Rf7 20. b4 b5 21. cxb5 axb5 22. Nb6 Rb8 23. Rc1 Qb7 24. Bxb5 Be6 25. Bxe8 Rxe8 26. a3 Qa6 27. Rfd1 Qxa3 28. Bc5 Bf8 29. Qf2 f5 30. exf5 Rxf5 31. Qe2 Bxc5 32. bxc5 Ref8 33. c6 Rf2 34. Qb5 Bh3 35. c7 Bxg2+ 36. Kg1 Be4 0-1

[Event "HUN-chT2 Breyer 1011"]
[Site "Hungary"]
[Date "2010.11.07"]
[Round "5.2"]
[White "Gelle, Istvan"]
[Black "Csoke, Krisztian"]
[Result "1-0"]
[WhiteElo "2335"]
[BlackElo "2257"]
[PlyCount "103"]
[EventDate "2010.09.12"]
[EventType "team-tourn"]
[EventRounds "11"]
[EventCountry "HUN"]
[SourceTitle "EXT 2012"]
[Source "ChessBase"]
[SourceDate "2011.11.24"]
[SourceVersion "1"]
[SourceVersionDate "2011.11.24"]
[SourceQuality "1"]
[WhiteTeam "Torokbalint"]
[BlackTeam "Biatorbagy"]
[WhiteTeamCountry "HUN"]
[BlackTeamCountry "HUN"]

1. d4 g6 2. Bf4 Bg7 3. e3 d6 4. Nf3 Nd7 5. Bc4 c6 6. c3 Ngf6 7. h3 0-0 8. 0-0 b5 9. Be2 a6 10. a4 Bb7 11. Nbd2 Nh5 12. Bh2 Re8 13. Qb3 e5 14. Ne4 Qe7 15. dxe5 Nxe5 16. Rfd1 d5 17. Nxe5 Bxe5 18. Bxe5 Qxe5 19. Nc5 Qe7 20. Nxb7 Qxb7 21. Bxh5 gxh5 22. Rd4 Re5 23. Qb4 Rae8 24. axb5 axb5 25. Qc5 Ra8 26. Rxa8+ Qxa8 27. Rf4 Re6 28. Kh2 Qb8 29. g3 Qe5 30. Qa7 Rf6 31. Qd4 Qxd4 32. cxd4 Rxf4 33. gxf4 Kg7 34. Kg3 Kg6 35. Kf3 Kf5 36. Ke2 Ke6 37. Kd3 Kd6 38. Kc3 c5 39. dxc5+ Kxc5 40. b4+ Kc6 41. Kd4 Kd6 42. h4 f6 43. f5 Kc6 44. f3 Kd6 45. e4 dxe4 46. fxe4 h6 47. e5+ fxe5+ 48. Ke4 Ke7 49. Kxe5 Kf7 50. f6 Kf8 51. Kd5 Kf7 52. Kc5 1-0

[Event "HUN-chT2 Breyer 1011"]
[Site "Hungary"]
[Date "2010.10.10"]
[Round "3.2"]
[White "Rigan, Jozsef"]
[Black "Csoke, Krisztian"]
[Result "0-1"]
[WhiteElo "2043"]
[BlackElo "2257"]
[PlyCount "154"]
[EventDate "2010.09.12"]
[EventType "team-tourn"]
[EventRounds "11"]
[EventCountry "HUN"]
[SourceTitle "EXT 2012"]
[Source "ChessBase"]
[SourceDate "2011.11.24"]
[SourceVersion "1"]
[SourceVersionDate "2011.11.24"]
[SourceQuality "1"]
[WhiteTeam "Turul"]
[BlackTeam "Biatorbagy"]
[WhiteTeamCountry "HUN"]
[BlackTeamCountry "HUN"]

1. d4 Nf6 2. Nf3 e6 3. e3 c5 4. Be2 b6 5. 0-0 Bb7 6. c4 Be7 7. Nc3 cxd4 8. exd4 d6 9. d5 e5 10. h3 0-0 11. Qc2 Na6 12. Nh2 Rc8 13. Qb1 Nc7 14. a4 a5 15. Bd3 Na6 16. b3 Nb4 17. Bf5 Rb8 18. Ng4 g6 19. Nxf6+ Bxf6 20. Be4 Bg7 21. g3 f5 22. Bg2 Bc8 23. Ne2 f4 24. gxf4 exf4 25. Bxf4 Bf5 26. Qd1 Bd3 27. Bd2 Bxa1 28. Bxb4 Bxe2 29. Qxe2 Be5 30. Bd2 Qf6 31. Qg4 Rbe8 32. Bh6 Rf7 33. h4 Bf4 34. Bg5 Bxg5 35. hxg5 Qf4 36. Bh3 Re5 37. Qxf4 Rxf4 38. Be6+ Kf8 39. Rb1 Rxg5+ 40. Kf1 h5 41. b4 Rxc4 42. bxa5 bxa5 43. Rb7 Rd4 44. Rf7+ Ke8 45. Ra7 Rdxd5 46. Bxd5 Rxd5 47. Kg2 Rg5+ 48. Kh3 Kd8 49. f3 Kc8 50. Kh4 Rf5 51. Kg3 Rc5 52. Rg7 g5 53. Rh7 g4 54. fxg4 hxg4 55. Kxg4 Rc4+ 56. Kf3 Rxa4 57. Ke3 Rb4 58. Kd3 Kb8 59. Kc3 Rb7 60. Rh8+ Kc7 61. Rh5 Ra7 62. Kc4 Kc6 63. Rh3 Rg7 64. Rh5 Rg4+ 65. Kc3 a4 66. Ra5 d5 67. Ra8 Rc4+ 68. Kd3 Kb5 69. Rb8+ Kc5 70. Rc8+ Kb4 71. Rb8+ Ka3 72. Rd8 Kb3 73. Rxd5 Rb4 74. Kd2 a3 75. Kc1 Rc4+ 76. Kd2 a2 77. Rb5+ Rb4 0-1